Giới thiệu các giống cây ăn quả phổ biến ở miền Nam
Quyển sách cung cấp thông tin về nguồn gốc giống, các đặc tính định tính cũng như định lượng của các giống cây ăn quả thương phẩm có triển vọng phát triển và một số giống khác có các đặc điểm quý dùng cho công tác chọn tạo giống....
Guardado en:
| Autor principal: | |
|---|---|
| Formato: | Libro |
| Lenguaje: | Undetermined |
| Publicado: |
Thành phố Hồ Chí Minh
Nông Nghiệp
2009
|
| Materias: | |
| Etiquetas: |
Agregar Etiqueta
Sin Etiquetas, Sea el primero en etiquetar este registro!
|
| Thư viện lưu trữ: | Trung tâm Học liệu Trường Đại học Cần Thơ |
|---|
| LEADER | 00986nam a2200193Ia 4500 | ||
|---|---|---|---|
| 001 | CTU_152589 | ||
| 008 | 210402s9999 xx 000 0 und d | ||
| 082 | |a 634 | ||
| 082 | |b Ch125 | ||
| 100 | |a Nguyễn, Minh Châu | ||
| 245 | 0 | |a Giới thiệu các giống cây ăn quả phổ biến ở miền Nam | |
| 245 | 0 | |c Nguyễn Minh Châu chủ biên | |
| 260 | |a Thành phố Hồ Chí Minh | ||
| 260 | |b Nông Nghiệp | ||
| 260 | |c 2009 | ||
| 520 | |a Quyển sách cung cấp thông tin về nguồn gốc giống, các đặc tính định tính cũng như định lượng của các giống cây ăn quả thương phẩm có triển vọng phát triển và một số giống khác có các đặc điểm quý dùng cho công tác chọn tạo giống. | ||
| 650 | |a Fruit trees,Cây ăn quả | ||
| 904 | |i Hương Sen | ||
| 980 | |a Trung tâm Học liệu Trường Đại học Cần Thơ | ||